<?xml version="1.0" encoding="UTF-8"?>
<record
    xmlns:xsi="http://www.w3.org/2001/XMLSchema-instance"
    xsi:schemaLocation="http://www.loc.gov/MARC21/slim http://www.loc.gov/standards/marcxml/schema/MARC21slim.xsd"
    xmlns="http://www.loc.gov/MARC21/slim">

  <leader>04090nam a22005537a 4500</leader>
  <datafield tag="952" ind1=" " ind2=" ">
    <subfield code="0">0</subfield>
    <subfield code="1">0</subfield>
    <subfield code="4">0</subfield>
    <subfield code="7">0</subfield>
    <subfield code="a">04</subfield>
    <subfield code="b">04</subfield>
    <subfield code="d">2015-07-22</subfield>
    <subfield code="l">18</subfield>
    <subfield code="m">2</subfield>
    <subfield code="o">HF5549 D4718 2015</subfield>
    <subfield code="p">04 005485</subfield>
    <subfield code="r">2023-07-03</subfield>
    <subfield code="s">2023-06-28</subfield>
    <subfield code="t">1</subfield>
    <subfield code="w">2015-07-22</subfield>
    <subfield code="y">LB</subfield>
  </datafield>
  <datafield tag="952" ind1=" " ind2=" ">
    <subfield code="0">0</subfield>
    <subfield code="1">0</subfield>
    <subfield code="4">0</subfield>
    <subfield code="7">0</subfield>
    <subfield code="a">14</subfield>
    <subfield code="b">14</subfield>
    <subfield code="d">2015-06-30</subfield>
    <subfield code="l">3</subfield>
    <subfield code="o">HF5549 D4718 2015</subfield>
    <subfield code="p">14 005924</subfield>
    <subfield code="r">2018-10-09</subfield>
    <subfield code="s">2018-10-09</subfield>
    <subfield code="t">1</subfield>
    <subfield code="w">2015-08-12</subfield>
    <subfield code="y">LB</subfield>
  </datafield>
  <datafield tag="952" ind1=" " ind2=" ">
    <subfield code="0">0</subfield>
    <subfield code="1">0</subfield>
    <subfield code="4">0</subfield>
    <subfield code="7">0</subfield>
    <subfield code="a">20</subfield>
    <subfield code="b">20</subfield>
    <subfield code="d">2016-08-09</subfield>
    <subfield code="l">2</subfield>
    <subfield code="o">HF5549 D4718 2015</subfield>
    <subfield code="p">20 003333</subfield>
    <subfield code="r">2020-03-17</subfield>
    <subfield code="s">2020-03-17</subfield>
    <subfield code="t">1</subfield>
    <subfield code="w">2016-08-09</subfield>
    <subfield code="y">LB</subfield>
  </datafield>
  <datafield tag="952" ind1=" " ind2=" ">
    <subfield code="0">0</subfield>
    <subfield code="1">0</subfield>
    <subfield code="4">0</subfield>
    <subfield code="7">0</subfield>
    <subfield code="a">13</subfield>
    <subfield code="b">13</subfield>
    <subfield code="d">2016-08-17</subfield>
    <subfield code="l">0</subfield>
    <subfield code="o">HF5549 D4718 2015</subfield>
    <subfield code="p">13 004206</subfield>
    <subfield code="r">2016-08-17</subfield>
    <subfield code="t">1</subfield>
    <subfield code="w">2016-08-17</subfield>
    <subfield code="y">LB</subfield>
  </datafield>
  <datafield tag="952" ind1=" " ind2=" ">
    <subfield code="0">0</subfield>
    <subfield code="1">0</subfield>
    <subfield code="4">0</subfield>
    <subfield code="7">0</subfield>
    <subfield code="a">13</subfield>
    <subfield code="b">13</subfield>
    <subfield code="d">2016-08-17</subfield>
    <subfield code="l">1</subfield>
    <subfield code="o">HF5549 D4718 2015</subfield>
    <subfield code="p">13 004207</subfield>
    <subfield code="r">2018-10-17</subfield>
    <subfield code="s">2018-10-17</subfield>
    <subfield code="t">2</subfield>
    <subfield code="w">2016-08-17</subfield>
    <subfield code="y">LB</subfield>
  </datafield>
  <datafield tag="952" ind1=" " ind2=" ">
    <subfield code="0">0</subfield>
    <subfield code="1">0</subfield>
    <subfield code="4">0</subfield>
    <subfield code="7">0</subfield>
    <subfield code="a">13</subfield>
    <subfield code="b">13</subfield>
    <subfield code="d">2016-08-17</subfield>
    <subfield code="l">2</subfield>
    <subfield code="o">HF5549 D4718 2015</subfield>
    <subfield code="p">13 004208</subfield>
    <subfield code="r">2018-10-17</subfield>
    <subfield code="s">2018-10-17</subfield>
    <subfield code="t">3</subfield>
    <subfield code="w">2016-08-17</subfield>
    <subfield code="y">LB</subfield>
  </datafield>
  <datafield tag="952" ind1=" " ind2=" ">
    <subfield code="0">0</subfield>
    <subfield code="1">0</subfield>
    <subfield code="4">0</subfield>
    <subfield code="7">0</subfield>
    <subfield code="a">22</subfield>
    <subfield code="b">22</subfield>
    <subfield code="d">2016-09-30</subfield>
    <subfield code="l">5</subfield>
    <subfield code="o">HF5549 D4718 2015</subfield>
    <subfield code="p">22 001402</subfield>
    <subfield code="r">2019-08-22</subfield>
    <subfield code="s">2019-08-22</subfield>
    <subfield code="t">1</subfield>
    <subfield code="w">2016-09-30</subfield>
    <subfield code="y">LB</subfield>
  </datafield>
  <datafield tag="952" ind1=" " ind2=" ">
    <subfield code="0">0</subfield>
    <subfield code="1">0</subfield>
    <subfield code="4">0</subfield>
    <subfield code="7">0</subfield>
    <subfield code="a">22</subfield>
    <subfield code="b">22</subfield>
    <subfield code="d">2016-10-28</subfield>
    <subfield code="l">8</subfield>
    <subfield code="m">1</subfield>
    <subfield code="o">HF5549 D4718 2015</subfield>
    <subfield code="p">22 001474</subfield>
    <subfield code="r">2020-03-20</subfield>
    <subfield code="s">2020-03-17</subfield>
    <subfield code="t">2</subfield>
    <subfield code="w">2016-10-28</subfield>
    <subfield code="y">LB</subfield>
  </datafield>
  <datafield tag="952" ind1=" " ind2=" ">
    <subfield code="0">0</subfield>
    <subfield code="1">0</subfield>
    <subfield code="4">0</subfield>
    <subfield code="7">0</subfield>
    <subfield code="a">21</subfield>
    <subfield code="b">21</subfield>
    <subfield code="d">2016-11-03</subfield>
    <subfield code="l">9</subfield>
    <subfield code="o">HF5549 D4718 2015</subfield>
    <subfield code="p">21 003392</subfield>
    <subfield code="r">2024-11-07</subfield>
    <subfield code="s">2023-07-10</subfield>
    <subfield code="t">1</subfield>
    <subfield code="w">2016-11-03</subfield>
    <subfield code="y">LB</subfield>
  </datafield>
  <datafield tag="952" ind1=" " ind2=" ">
    <subfield code="0">0</subfield>
    <subfield code="1">0</subfield>
    <subfield code="4">0</subfield>
    <subfield code="7">0</subfield>
    <subfield code="a">18</subfield>
    <subfield code="b">18</subfield>
    <subfield code="d">2016-11-08</subfield>
    <subfield code="l">1</subfield>
    <subfield code="o">HF5549 D4718 2015</subfield>
    <subfield code="p">18 003982</subfield>
    <subfield code="r">2024-09-17</subfield>
    <subfield code="s">2019-09-27</subfield>
    <subfield code="t">1</subfield>
    <subfield code="w">2016-11-08</subfield>
    <subfield code="y">LB</subfield>
  </datafield>
  <datafield tag="952" ind1=" " ind2=" ">
    <subfield code="0">0</subfield>
    <subfield code="1">0</subfield>
    <subfield code="4">0</subfield>
    <subfield code="7">0</subfield>
    <subfield code="a">18</subfield>
    <subfield code="b">18</subfield>
    <subfield code="d">2016-11-24</subfield>
    <subfield code="l">27</subfield>
    <subfield code="o">HF5549 D4718 2015</subfield>
    <subfield code="p">18 004054</subfield>
    <subfield code="r">2024-09-17</subfield>
    <subfield code="s">2020-03-05</subfield>
    <subfield code="t">2</subfield>
    <subfield code="w">2016-11-24</subfield>
    <subfield code="y">LB</subfield>
  </datafield>
  <datafield tag="952" ind1=" " ind2=" ">
    <subfield code="0">0</subfield>
    <subfield code="1">0</subfield>
    <subfield code="4">0</subfield>
    <subfield code="7">0</subfield>
    <subfield code="a">11</subfield>
    <subfield code="b">11</subfield>
    <subfield code="d">2016-11-24</subfield>
    <subfield code="l">0</subfield>
    <subfield code="o">HF5549 D4718 2015</subfield>
    <subfield code="p">11 013283</subfield>
    <subfield code="r">2016-11-24</subfield>
    <subfield code="t">1</subfield>
    <subfield code="w">2016-11-24</subfield>
    <subfield code="y">LB</subfield>
  </datafield>
  <datafield tag="952" ind1=" " ind2=" ">
    <subfield code="0">0</subfield>
    <subfield code="1">0</subfield>
    <subfield code="4">0</subfield>
    <subfield code="7">0</subfield>
    <subfield code="a">04</subfield>
    <subfield code="b">04</subfield>
    <subfield code="d">2017-02-28</subfield>
    <subfield code="l">42</subfield>
    <subfield code="m">3</subfield>
    <subfield code="o">HF5549 D4718 2015</subfield>
    <subfield code="p">04 006713</subfield>
    <subfield code="r">2026-05-11</subfield>
    <subfield code="s">2023-06-29</subfield>
    <subfield code="t">2</subfield>
    <subfield code="w">2017-02-28</subfield>
    <subfield code="y">LB</subfield>
  </datafield>
  <datafield tag="952" ind1=" " ind2=" ">
    <subfield code="0">0</subfield>
    <subfield code="1">0</subfield>
    <subfield code="2">lcc</subfield>
    <subfield code="4">0</subfield>
    <subfield code="7">0</subfield>
    <subfield code="a">14</subfield>
    <subfield code="b">14</subfield>
    <subfield code="d">2017-04-05</subfield>
    <subfield code="l">3</subfield>
    <subfield code="m">1</subfield>
    <subfield code="o">HF5549  D4718 2015</subfield>
    <subfield code="p">14 006261</subfield>
    <subfield code="r">2019-09-30</subfield>
    <subfield code="s">2019-09-23</subfield>
    <subfield code="t">2</subfield>
    <subfield code="w">2017-04-07</subfield>
    <subfield code="y">LB</subfield>
  </datafield>
  <datafield tag="952" ind1=" " ind2=" ">
    <subfield code="0">0</subfield>
    <subfield code="1">0</subfield>
    <subfield code="2">lcc</subfield>
    <subfield code="4">0</subfield>
    <subfield code="7">0</subfield>
    <subfield code="a">07</subfield>
    <subfield code="b">07</subfield>
    <subfield code="d">2017-06-30</subfield>
    <subfield code="l">0</subfield>
    <subfield code="o">HF5549  D4718 2015</subfield>
    <subfield code="p">07 006208</subfield>
    <subfield code="r">2017-06-30</subfield>
    <subfield code="t">1</subfield>
    <subfield code="w">2017-06-30</subfield>
    <subfield code="y">LB</subfield>
  </datafield>
  <datafield tag="952" ind1=" " ind2=" ">
    <subfield code="0">0</subfield>
    <subfield code="1">0</subfield>
    <subfield code="2">lcc</subfield>
    <subfield code="4">0</subfield>
    <subfield code="7">0</subfield>
    <subfield code="a">08</subfield>
    <subfield code="b">08</subfield>
    <subfield code="d">2017-01-02</subfield>
    <subfield code="l">5</subfield>
    <subfield code="o">HF5549  D4718 2015</subfield>
    <subfield code="p">08 006291</subfield>
    <subfield code="r">2018-11-05</subfield>
    <subfield code="s">2018-07-06</subfield>
    <subfield code="t">1</subfield>
    <subfield code="w">2017-08-21</subfield>
    <subfield code="y">LB</subfield>
  </datafield>
  <datafield tag="952" ind1=" " ind2=" ">
    <subfield code="0">0</subfield>
    <subfield code="1">0</subfield>
    <subfield code="2">lcc</subfield>
    <subfield code="4">0</subfield>
    <subfield code="7">0</subfield>
    <subfield code="a">22</subfield>
    <subfield code="b">22</subfield>
    <subfield code="d">2018-01-24</subfield>
    <subfield code="l">0</subfield>
    <subfield code="o">HF5549  D4718 2015</subfield>
    <subfield code="p">06 003726</subfield>
    <subfield code="r">2018-01-24</subfield>
    <subfield code="t">1</subfield>
    <subfield code="w">2018-01-24</subfield>
    <subfield code="y">LB</subfield>
  </datafield>
  <datafield tag="952" ind1=" " ind2=" ">
    <subfield code="0">0</subfield>
    <subfield code="1">0</subfield>
    <subfield code="4">0</subfield>
    <subfield code="7">0</subfield>
    <subfield code="a">20</subfield>
    <subfield code="b">20</subfield>
    <subfield code="d">2018-09-05</subfield>
    <subfield code="l">1</subfield>
    <subfield code="o">HF5549 D4718 2015</subfield>
    <subfield code="p">20 004045</subfield>
    <subfield code="r">2019-06-29</subfield>
    <subfield code="s">2019-06-29</subfield>
    <subfield code="t">2</subfield>
    <subfield code="w">2018-09-05</subfield>
    <subfield code="y">LB</subfield>
  </datafield>
  <datafield tag="952" ind1=" " ind2=" ">
    <subfield code="0">0</subfield>
    <subfield code="1">0</subfield>
    <subfield code="4">0</subfield>
    <subfield code="7">0</subfield>
    <subfield code="a">12</subfield>
    <subfield code="b">12</subfield>
    <subfield code="d">2018-09-13</subfield>
    <subfield code="l">1</subfield>
    <subfield code="o">HF5549 D4718 2015</subfield>
    <subfield code="p">12 004595</subfield>
    <subfield code="r">2023-11-08</subfield>
    <subfield code="s">2023-11-08</subfield>
    <subfield code="t">1</subfield>
    <subfield code="w">2018-09-13</subfield>
    <subfield code="y">LB</subfield>
  </datafield>
  <datafield tag="952" ind1=" " ind2=" ">
    <subfield code="0">0</subfield>
    <subfield code="1">0</subfield>
    <subfield code="4">0</subfield>
    <subfield code="7">0</subfield>
    <subfield code="a">12</subfield>
    <subfield code="b">12</subfield>
    <subfield code="d">2018-09-14</subfield>
    <subfield code="l">1</subfield>
    <subfield code="o">HF5549 D4718 2015</subfield>
    <subfield code="p">12 004614</subfield>
    <subfield code="r">2020-03-13</subfield>
    <subfield code="s">2020-03-13</subfield>
    <subfield code="t">2</subfield>
    <subfield code="w">2018-09-14</subfield>
    <subfield code="y">LB</subfield>
  </datafield>
  <datafield tag="952" ind1=" " ind2=" ">
    <subfield code="0">0</subfield>
    <subfield code="1">0</subfield>
    <subfield code="4">0</subfield>
    <subfield code="7">0</subfield>
    <subfield code="a">09</subfield>
    <subfield code="b">09</subfield>
    <subfield code="d">2018-09-24</subfield>
    <subfield code="l">0</subfield>
    <subfield code="o">HF5549 D4718 2015</subfield>
    <subfield code="p">09 005051</subfield>
    <subfield code="r">2018-09-24</subfield>
    <subfield code="t">1</subfield>
    <subfield code="w">2018-09-24</subfield>
    <subfield code="y">LB</subfield>
  </datafield>
  <datafield tag="952" ind1=" " ind2=" ">
    <subfield code="0">0</subfield>
    <subfield code="1">0</subfield>
    <subfield code="4">0</subfield>
    <subfield code="7">0</subfield>
    <subfield code="a">13</subfield>
    <subfield code="b">13</subfield>
    <subfield code="d">2018-10-10</subfield>
    <subfield code="l">0</subfield>
    <subfield code="o">HF5549 D4718 2015</subfield>
    <subfield code="p">13 004823</subfield>
    <subfield code="r">2018-10-10</subfield>
    <subfield code="t">4</subfield>
    <subfield code="w">2018-10-10</subfield>
    <subfield code="y">LB</subfield>
  </datafield>
  <datafield tag="952" ind1=" " ind2=" ">
    <subfield code="0">0</subfield>
    <subfield code="1">0</subfield>
    <subfield code="2">lcc</subfield>
    <subfield code="4">0</subfield>
    <subfield code="7">0</subfield>
    <subfield code="a">09</subfield>
    <subfield code="b">09</subfield>
    <subfield code="d">2018-10-31</subfield>
    <subfield code="l">0</subfield>
    <subfield code="o">HF5549 D4718 2015</subfield>
    <subfield code="p">09 005275</subfield>
    <subfield code="r">2018-10-31</subfield>
    <subfield code="t">2</subfield>
    <subfield code="w">2018-10-31</subfield>
    <subfield code="y">LB</subfield>
  </datafield>
  <datafield tag="952" ind1=" " ind2=" ">
    <subfield code="0">0</subfield>
    <subfield code="1">0</subfield>
    <subfield code="2">lcc</subfield>
    <subfield code="4">0</subfield>
    <subfield code="7">0</subfield>
    <subfield code="a">12</subfield>
    <subfield code="b">12</subfield>
    <subfield code="d">2022-07-29</subfield>
    <subfield code="l">0</subfield>
    <subfield code="o">HF5549 D4718 2015</subfield>
    <subfield code="p">12 004639</subfield>
    <subfield code="r">2022-07-29</subfield>
    <subfield code="t">3</subfield>
    <subfield code="w">2022-07-29</subfield>
    <subfield code="y">LB</subfield>
  </datafield>
  <datafield tag="999" ind1=" " ind2=" ">
    <subfield code="c">97634</subfield>
    <subfield code="d">97634</subfield>
  </datafield>
  <controlfield tag="005">20231102151844.0</controlfield>
  <controlfield tag="008">140427s2015    mx ao||| |||| 001 0 spa d</controlfield>
  <datafield tag="020" ind1=" " ind2=" ">
    <subfield code="a">9786073233118</subfield>
  </datafield>
  <datafield tag="050" ind1="0" ind2="4">
    <subfield code="a">HF5549</subfield>
    <subfield code="b">D4718 2015</subfield>
  </datafield>
  <datafield tag="100" ind1="1" ind2=" ">
    <subfield code="a">Dessler, Gary</subfield>
    <subfield code="e">, autor</subfield>
  </datafield>
  <datafield tag="240" ind1="1" ind2="0">
    <subfield code="a">Human resourse managemen</subfield>
    <subfield code="l">espa&#xF1;ol</subfield>
  </datafield>
  <datafield tag="245" ind1="1" ind2="0">
    <subfield code="a">Administraci&#xF3;n de recursos humanos</subfield>
    <subfield code="c"> / Gary Dessler ; traducci&#xF3;n, Leticia Esther Pineda Ayala</subfield>
  </datafield>
  <datafield tag="250" ind1=" " ind2=" ">
    <subfield code="a">14a edici&#xF3;n</subfield>
  </datafield>
  <datafield tag="260" ind1=" " ind2=" ">
    <subfield code="a">M&#xE9;xico</subfield>
    <subfield code="b"> : Pearson Educaci&#xF3;n</subfield>
    <subfield code="c"> , 2015</subfield>
  </datafield>
  <datafield tag="300" ind1=" " ind2=" ">
    <subfield code="a">xxvi, 524 p&#xE1;ginas</subfield>
    <subfield code="b"> : ilustraciones, gr&#xE1;ficas</subfield>
  </datafield>
  <datafield tag="504" ind1=" " ind2=" ">
    <subfield code="a">Incluye contenido, prefacio, ap&#xE9;ndices, glosario e &#xED;ndice anal&#xED;tico</subfield>
  </datafield>
  <datafield tag="505" ind1="2" ind2=" ">
    <subfield code="a">Introducci&#xF3;n  
Reclutamiento, colocaci&#xF3;n y administraci&#xF3;n del talento  
Capacitaci&#xF3;n y desarrollo  
Remuneraci&#xF3;n  
Temas complementarios en la administraci&#xF3;n de recursos humanos  </subfield>
  </datafield>
  <datafield tag="519" ind1=" " ind2=" ">
    <subfield code="a">Plan Flexible /</subfield>
    <subfield code="b">Psicolog&#xED;a /</subfield>
    <subfield code="c">Capacitaci&#xF3;n y Desarrollo de Personal (P18-1) /</subfield>
    <subfield code="d">(20 003333, 20 004045)</subfield>
  </datafield>
  <datafield tag="519" ind1=" " ind2=" ">
    <subfield code="a">Plan Flexible / </subfield>
    <subfield code="b">Psicolog&#xED;a / </subfield>
    <subfield code="c">Capacitaci&#xF3;n y Desarrollo de Personal (P18-1) / </subfield>
    <subfield code="d">(13 004206)</subfield>
  </datafield>
  <datafield tag="519" ind1=" " ind2=" ">
    <subfield code="a">Plan Flexible / </subfield>
    <subfield code="b">Administraci&#xF3;n / </subfield>
    <subfield code="c">Administraci&#xF3;n de Recursos Humanos (P04-3)</subfield>
    <subfield code="d">(13 004207)</subfield>
  </datafield>
  <datafield tag="519" ind1=" " ind2=" ">
    <subfield code="a">Plan Flexible / </subfield>
    <subfield code="b">Contadur&#xED;a / </subfield>
    <subfield code="c">Administraci&#xF3;n de Recursos Humanos (P04-3) /</subfield>
    <subfield code="d">(13 004208)</subfield>
  </datafield>
  <datafield tag="519" ind1=" " ind2=" ">
    <subfield code="a">Plan Flexible / </subfield>
    <subfield code="b">Maestr&#xED;a en Administraci&#xF3;n de Negocios / </subfield>
    <subfield code="c">Desarrollo Humano en las Organizaciones (P08-3) /  </subfield>
    <subfield code="d">(22 001474) </subfield>
  </datafield>
  <datafield tag="519" ind1=" " ind2=" ">
    <subfield code="a">Plan Flexible / </subfield>
    <subfield code="b">Maestr&#xED;a en Administraci&#xF3;n de Negocios / </subfield>
    <subfield code="c">Desarrollo Humano en las Organizaciones (P08-1) /  </subfield>
    <subfield code="d">(21 003392) </subfield>
  </datafield>
  <datafield tag="519" ind1=" " ind2=" ">
    <subfield code="a">Plan Flexible /  </subfield>
    <subfield code="b">Comercio Internacional / </subfield>
    <subfield code="c">Planeaci&#xF3;n y Desarrollo de Empresas Multinacionales (P25-3) / </subfield>
    <subfield code="d">(07 006208) </subfield>
  </datafield>
  <datafield tag="519" ind1=" " ind2=" ">
    <subfield code="a">Educaci&#xF3;n Mixta / </subfield>
    <subfield code="b">Psicolog&#xED;a / </subfield>
    <subfield code="c">Capacitaci&#xF3;n y Desarrollo de Personal (P18) / </subfield>
    <subfield code="d">(04 005485) </subfield>
  </datafield>
  <datafield tag="519" ind1=" " ind2=" ">
    <subfield code="a">Educaci&#xF3;n Mixta / </subfield>
    <subfield code="b">Administraci&#xF3;n / </subfield>
    <subfield code="c">Reclutamiento y Selecci&#xF3;n de Personal (P16) / </subfield>
    <subfield code="d">(04 006713) </subfield>
  </datafield>
  <datafield tag="519" ind1=" " ind2=" ">
    <subfield code="a">Material Complementario / </subfield>
    <subfield code="d">(18 003982, 18 004054)</subfield>
  </datafield>
  <datafield tag="519" ind1=" " ind2=" ">
    <subfield code="a">Educaci&#xF3;n Mixta /</subfield>
    <subfield code="b">Psicolog&#xED;a /</subfield>
    <subfield code="c">Capacitaci&#xF3;n y Desarrollo de Personal (P18-1) /</subfield>
    <subfield code="d">(04 005485)</subfield>
  </datafield>
  <datafield tag="519" ind1=" " ind2=" ">
    <subfield code="a">Plan Felxible  /</subfield>
    <subfield code="b">Maestria en Administraci&#xF3;n de Negocios /</subfield>
    <subfield code="c">Desarrollo Humano en las Organizaciones /</subfield>
    <subfield code="d">(14 005924)</subfield>
  </datafield>
  <datafield tag="519" ind1=" " ind2=" ">
    <subfield code="a">Educaci&#xF3;n Mixta /</subfield>
    <subfield code="b">Administraci&#xF3;n /</subfield>
    <subfield code="c">Reclutamiento y selecci&#xF3;n del personal (P16-1) / </subfield>
    <subfield code="d">(08 006291)</subfield>
  </datafield>
  <datafield tag="519" ind1=" " ind2=" ">
    <subfield code="a">Material Complementario / </subfield>
    <subfield code="d">(06 003726)</subfield>
  </datafield>
  <datafield tag="519" ind1=" " ind2=" ">
    <subfield code="a">Educaci&#xF3;n Mixta / </subfield>
    <subfield code="b">Administraci&#xF3;n / </subfield>
    <subfield code="c">Material Complementario / </subfield>
    <subfield code="d">(09 005051, 09 005275)</subfield>
  </datafield>
  <datafield tag="519" ind1=" " ind2=" ">
    <subfield code="a">Material Complementario /</subfield>
    <subfield code="d">(13 004823)</subfield>
  </datafield>
  <datafield tag="519" ind1=" " ind2=" ">
    <subfield code="a">Plan Flexible /</subfield>
    <subfield code="b">Maestr&#xED;a en administraci&#xF3;n de negocios /</subfield>
    <subfield code="c">Factor humano y organizaci&#xF3;n /</subfield>
    <subfield code="d">(12 004595)</subfield>
  </datafield>
  <datafield tag="519" ind1=" " ind2=" ">
    <subfield code="a">Plan Flexible /</subfield>
    <subfield code="b">Maestr&#xED;a en administraci&#xF3;n de negocios /</subfield>
    <subfield code="c">Desarrollo humano en las organizaciones (P08-1) 7</subfield>
    <subfield code="d">(12 004614)</subfield>
  </datafield>
  <datafield tag="650" ind1="1" ind2="4">
    <subfield code="a">ADMINISTRACI&#xD3;N DE PERSONAL</subfield>
  </datafield>
  <datafield tag="650" ind1="2" ind2="4">
    <subfield code="a">RECURSOS HUMANOS</subfield>
  </datafield>
  <datafield tag="700" ind1="1" ind2=" ">
    <subfield code="a">Pineda Ayala, Leticia Esther</subfield>
    <subfield code="e">traductora</subfield>
  </datafield>
  <datafield tag="942" ind1=" " ind2=" ">
    <subfield code="c">LB</subfield>
  </datafield>
</record>
